La Torre de la minyona /
Descripción Física:
Il·lustracions
Colección:
San Jorge,
; núm. 18 (abril 1955), pàg. 127-131
Materias:
Torre de la Minyona (Cardona, Catalunya)
; Torres -- Barcelona (Província)
; Llegendes -- Catalunya
Idioma:
Español
MARC
| LEADER | 00000naa a2200000 a 4500 | ||
|---|---|---|---|
| 003 | Arxiu | ||
| 005 | 20260324181033.0 | ||
| 008 | 160829s1955 spcaxx s spa c | ||
| 040 | |a AGDB | ||
| 100 | 1 | |a Vilardaga Pujol, José Ma. |q (José Maria), |d 1886-1967 |9 29685 | |
| 245 | 1 | 3 | |a La Torre de la minyona / |c por José M.ª Vilardaga, diputado provincial |
| 300 | |b Il·lustracions | ||
| 490 | |a San Jorge, |v núm. 18 (abril 1955), pàg. 127-131 | ||
| 610 | 2 | 0 | |9 55426 |a Torre de la Minyona (Cardona, Catalunya) |
| 650 | 0 | |a Torres |9 55427 |z Barcelona (Província) | |
| 650 | 0 | |a Llegendes |9 34016 |z Catalunya | |
| 773 | |g Núm. 18 (abril 1955), pàg. 127-131 |t San Jorge. | ||
| 901 | |a Arxiu | ||
| 942 | |n 1 |2 udc |c ART | ||
| 952 | |0 0 |1 0 |4 0 |6 REV510 |7 1 |9 65167 |a Arxiu |b Arxiu |d 2023-01-31 |l 0 |o Rev-510 |r 2023-01-31 00:00:00 |w 2023-01-31 |y ARXIU |z També disponible a Rev-524 | ||
| 999 | |c 48086 |d 48086 | ||